00000000nam 2200000za 4500
0019.846955
003CaOODSP
00520221107153328
007cr |||||||||||
008171110s1911    onci    o    f000 0 eng d
040 |aCaOODSP|beng
043 |an-cn---
0861 |aCS12-506/1911E-PDF
24500|aFifth census of Canada 1911 - index to occupations |h[electronic resource].
24630|aIndex to occupations
260 |a[Ottawa : |bCensus and Statistics Office, |c1911]
300 |a230 p.
500 |aCover title.
500 |aDigitized edition from print [produced by Statistics Canada].
530 |aIssued also in print format.
69207|2gccst|aJob classification
69207|2gccst|aIndexes
69207|2gccst|aCensus
69207|2gccst|aHandbooks
7101 |aCanada.|bCensus and Statistics Office.
85640|qPDF|s33.21 MB|uhttps://publications.gc.ca/collections/collection_2017/statcan/12-506/CS12-506-1911-eng.pdf
986 |a11-506 1911